Oiseaux de Suisse - Statistiques

Statistiques générales
  • Ce quiz a été pris 67 fois
  • Le résultat moyen est 33 sur 118
Statistiques - réponses
Par images Réponse % Correct
Rougegorge
65%
Canard colvert
59%
Martin-pêcheur
57%
Mésange charbonnière
57%
Mésange huppée
54%
Tourterelle turque
54%
Aigle royal
49%
Geai des chênes
49%
Grand tétras
49%
Mésange à longue queue
49%
Pic épeiche
49%
Pic noir
49%
Moineau domestique
46%
Pic vert
46%
Pigeon ramier
46%
Coucou gris
43%
Etourneau sansonnet
43%
Foulque macroule
43%
Héron cendré
43%
Faucon pélérin
41%
Hibou grand duc
41%
Pic épeichette
41%
Bouvreuil
38%
Cygne tuberculé
38%
Merle noir
38%
Mésange bleue
38%
Milan royal
38%
Chardonneret élégant
35%
Chocard à bec jaune
35%
Faucon crécerelle
35%
Grive musicienne
35%
Hibou moyen duc
35%
Martinet noir
35%
Mésange noire
35%
Mésange nonnette
35%
Pie bavarde
35%
Pinson des arbres
35%
Tétras lyre
35%
Bergeronnette des ruisseaux
32%
Bergeronnette grise
32%
Choucas des tours
32%
Hirondelle rustique
32%
Huppe fasciée
32%
Autour des palombes
30%
Buse variable
30%
Chouette hulotte
30%
Cigogne blanche
30%
Corbeau freux
30%
Corneille noire
30%
Hirondelle de fenêtre
30%
Moineau friquet
30%
Perdrix grise
30%
Sitelle torchepot
30%
Troglodyte mignon
30%
Vanneau huppé
30%
Verdier d'Europe
30%
Effraie des clochers
27%
Grêbe huppée
27%
Grimpereau des jardins
27%
Guêpier d'Europe
27%
Harle bièvre
27%
Loriot
27%
Milan noir
27%
Nette rousse
27%
Râle d'eau
27%
Roitelet huppé
27%
Cassenoix moucheté
24%
Fauvette à tête noire
24%
Mouette rieuse
24%
Roitelet triple bandeau
24%
Serin cini
24%
Sterne pierregarin
24%
Beccroisé des sapins
22%
Bruant jaune
22%
Fuligule morillon
22%
Gélinotte
22%
Grêbe castagneux
22%
Panure à moustaches
22%
Pie-grièche
22%
Tichodrome
22%
Alouette des champs
19%
Corneille mantelée
19%
Lagopède alpin
19%
Rossignol
19%
Rougequeue noir
19%
Tourterelle des bois
19%
Accenteur mouchet
16%
Chouette chevêchette
16%
Engoulevent d'Europe
16%
Faucon hobereau
16%
Gallinule poule d'eau
16%
Goéland leucophée
16%
Linotte mélodieuse
16%
Petit gravelot
16%
Pic cendré
16%
Torcol fourmilier
16%
Traquet motteux
16%
Blongios nain
14%
Fuligule milouin
14%
Niverolle alpine
14%
Pipit des arbres
14%
Pouillot fitis
14%
Bruant des roseaux
11%
Gobemouche gris
11%
Gobemouche noir
11%
Grive litorne
11%
Pouillot véloce
11%
Rougequeue à front blanc
11%
Fauvette des jardins
8%
Martinet alpin
8%
Merle à plastron
8%
Monticole de roche
8%
Pouillot siffleur
8%
Cingle plongeur
5%
Rousserolle effarvatte
5%
Bartavelle
0%
Grand crobeau
0%
Pouillot de bonelli
0%
Aucun quiz correspondant
Distribution des résultats
% des personnes avec chaque résultat
Percentile par nombre de réponses
Votre historique - résultats
Vous n’avez pas pris ce quiz